00517 2200205 4500001002100000005001500021035002000036007000300056008004100059020002200100082000800122084001800130100001100148245005600159260003100215300001700246990001600263990001600279990001600295INLIS00000000000147420211222081137 a0010-1221000154ta211222 g 0 ind  a978-602-434-954-7 a330 a330 ALA b c.30 aAlam S1 aBuku Penilaian Bupena Ekonomi untuk SMA/MA Kelas XI aJakarta :bErlangga,c2018 a176 ;c26 cm a2021/p/1532 a2021/p/1533 a2021/p/1534